000 00799cam a22002531 4500
001 6800443
005 20170105102911.0
008 731029s1905 xx 000 0 eng
010 _a 05036284
035 _a(OCoLC)728927
040 _aDLC
_cODaU
_dDLC
042 _apremarc
050 0 0 _aND2900
_b.B8
100 1 _aBradley, John William,
_d1830-1916.
245 1 0 _aIlluminated manuscripts,
_cby John W. Bradley.
260 _aLondon,
_bMethuen
_c[1905]
300 _axiv, 290 p.
_b21 plates (1 col.)
_c16 cm.
440 0 _aLittle books on art
504 _a"Manuscripts that may be consulted as examples": p. 244-276.
504 _aBibliography: p. 277-285.
650 0 _aIllumination of books and manuscripts
906 _a7
_bcbc
_coclcrpl
_du
_encip
_f19
_gy-gencatlg
942 _2ddc
_cBK
999 _c15149
_d15149